000 00769cam a22001814a 4500
005 20250605164401.0
008 250528s ||||||||||||||||||||||||d
035 _a24579
040 _aGR-AtMCL
_bgre
_dGR-AtMCL
_eAACR2
245 1 _aRaman in the Nuclear Field Software Advances for 4D-Proteomics Gold IS Special: And Needs Special Sampling
260 _c2020
300 _a34
520 _aAdvances in the Application of Raman Spectroscopy in the Nuclear Field, Software Innovations in Four-Dimensional Mass Spectrometric Data Analysis, Tony Davies Column: Bill George, Sampling Column: Quality and Sampling Error Quantification for Gold Mineral Resource Estimation.
700 1 _aMichael Ian
_99442
942 _cCR
999 _c9450
_d9450